Knowing diabetes: (Record no. 162901)

MARC details
000 -LEADER
fixed length control field 00553nam a22001817a 4500
005 - DATE AND TIME OF LATEST TRANSACTION
control field 20190323152559.0
010 ## - LCCN (DPL NO)
LC control number ENG-124917
020 ## - INTERNATIONAL STANDARD BOOK NUMBER
Terms of availability 150.00
International Standard Book Number 9789350578704
035 ## - SYSTEM CONTROL NUMBER
System control number EN-108449
037 ## - SOURCE OF ACQUISITION
Source of stock number/acquisition DBAD/PUB
082 ## - DEWEY DECIMAL CLASSIFICATION NUMBER
Classification number 616.462
100 ## - MAIN ENTRY--PERSONAL NAME
Personal name Sethi, A.K.
245 ## - TITLE STATEMENT
Title Knowing diabetes:
Remainder of title by A.K. Sethi
Statement of responsibility, etc how it affects different parts of the body/
260 ## - PUBLICATION, DISTRIBUTION, ETC. (IMPRINT)
Place of publication, distribution, etc New Delhi
Name of publisher, distributor, etc V&S Publishers
Date of publication, distribution, etc 2017
270 ## - ADDRESS
Address F-2/16, Ansari Road, Daryaganj
City New Delhi
Postal code 110002
300 ## - PHYSICAL DESCRIPTION
Extent 46p.
Dimensions 21cm(pbk)
942 ## - ADDED ENTRY ELEMENTS (KOHA)
Source of classification or shelving scheme Dewey Decimal Classification
Item type English Books
Call number suffix SET
Classification part 616.462
Holdings
Withdrawn status Lost status Not for loan Collection code Home library Current library Date acquired Source of acquisition Cost, normal purchase price Full call number Barcode Copy number Cost, replacement price Koha item type
    Not For Loan Non-fiction D.B.Act.Division Patel Nagar 23/03/2019 DBAD/PUB 150.00 616.462 SET EN-108449 1 150.00 English Books

© Delhi Public Library
Hit Counter
free hit counter